00660nam a2200169Ia 4500003000900000008004100009040001600050080002400066111008500090245015100175260003100326300001300357490002900370650004100399650002400440700002600464IN-BaIIA211028s9999 xx 000 0 eng d cIIA Library a550.3(047.1)bSTI-5 aInternational Quiet Sun Year/Committee on Space Research SymposiumcLondond1967 0aSolar terrestrial physicsbpt. 2, terrestrial aspects; proceedings of joint IQSY/COSPAR symposium held in London, 1967cedited by A. C. Stickland aCambridgebMIT Pressc1969 ax, 460p. aAnnals of the IQSY; v. 5 aAstronomy and Astrophysics Thesaurus aTerrestrial Physics aStickland, A. C., ed.